Word Ladder: Truth About the Letter C Quiz Stats

 Plays Quiz Updated Jan 17, 2016

Also try: Word Ladder: Puns
Challenge
Share
Tweet
Embed
Score 0/28 Timer 03:00
0 Plays Today
Clue 4-Letter Word % Correct
'This or ____'© THAT ©
97.8%
The Beatles' '____ Buy Me Love'© CAN'T ©
96.4%
Shape of striped Christmas candyCANE
95.9%
'60s slogan: '____ love not war'© MAKE ©
95.2%
An informal conversationCHAT
95.2%
Yacht, for oneBOAT
94.3%
___ the Fockers (2004 movie)© MEET ©
93.2%
Red root vegetableBEET
92.9%
Ernie's pal on Sesame StreetBERT
91.9%
Antoinette's suggested food for the massesCAKE
91.7%
SpouseMATE
88.4%
Layer of paintCOAT
87.8%
Part of the cow that gets milkedTEAT
87.7%
Word following cowboy, Denver, or dasBOOT
85.5%
Clue 4-Letter Word % Correct
Kerouac's GenerationBEAT
85.3%
Milhouse's friendBART
82.8%
'Till the World ____' (Britney Spears)© ENDS ©
82.4%
Pillage's partnerLOOT
80.2%
Corn unitsEARS
79.7%
'Thrown for a ___' (greatly surprised)© LOOP ©
79.5%
What men walk into before something funny happens?BARS
79.4%
Six-shooter makerCOLT
77.1%
CSI's Stokes' portrayer GeorgeEADS
68.7%
Penny, pfennig, or satangCENT
67.7%
Tennis great WilanderMATS
66.5%
Food, slangilyEATS
63.9%
Onodrim (Tolkien's tree people)ENTS
61.9%
European Iron Age inhabitantCELT
61.6%

Today's Daily Dose

You're not logged in!

Compare scores with friends on all Sporcle quizzes.
Join for Free
OR
Log In

You Might Also Like...

Show Comments

Extras

Top Quizzes Today


Score Distribution

Your Account Isn't Verified!

In order to create a playlist on Sporcle, you need to verify the email address you used during registration. Go to your Sporcle Settings to finish the process.

Report this User

Report this user for behavior that violates our Community Guidelines.

Details: